| 000 | 00458nam a22000977a 4500 | ||
|---|---|---|---|
| 082 |
_a346.73066 _bCOR |
||
| 245 |
_aCorporate Law Decisions [CLD] 2005: _bcases on company, banking, insurance, trade marks, intellectual property laws, monopoly control law and environmental law with relevant current statutes / _cEdited by Muhammad Anwar Khokhar and Muhammad Wahaj Azhar |
||
| 260 |
_aLahore : _bPLD Publishers, _c2005. |
||
| 300 | _avolumes | ||
| 942 |
_2ddc _cREF _s1 |
||
| 999 |
_c592003 _d592003 |
||